Statistics for Emmy, Oscar, Grammy and Tony Winners

Click here to take the quiz!

General Stats

  • This quiz has been taken 655 times
    (356 since last reset)
  • The average score is 8 of 21

Answer Stats

HintAnswer% Correct
Funny Girl, The Way We WereBarbra Streisand
78%
Roman Holiday, Breakfast at Tiffany'sAudrey Hepburn
77%
Ghost Actress, View HostWhoopi Goldberg
75%
Thriller, Bad, We are the World producerQuincy Jones
70%
Cabaret ActressLiza Minelli
65%
Star Wars, The Lion KingJames Earl Jones
64%
Cats, Phantom of the Opera producerAndrew Lloyd Webber
61%
West Side Story, The Ritz actressRita Moreno
56%
Producers, Spaceballs, Blazing SaddlesMel Brooks
53%
Aladdin, Beauty and the Beast, Lion King LyricistTim Rice
28%
Calypso, Carmen, Banana Boat singerHarry Belafonte
27%
Sin of Madelon Claudet, Airport ActressHelen Hayes
27%
Graduate, Angels in America DirectorMike Nichols
25%
South Pacific, Sound of Music ComposerRichard Rodgers
25%
Hercules, Tangled, Newsies ComposerAlan Menken
24%
Hamlet, Julius Caesar, Arthur actorJohn Gielgud
22%
Get lifted, Once Again, singer, composerJohn Legend
20%
Frozen, Book of Mormon ComposerRobert Lopez
19%
Chours Line, The Way We Were ComposerMarvin Hamlish
16%
No Country for Old Men, Book of Mormon ProducerScott Rudin
10%
A Little Night Music, Titanic ComposerJon Tunick
5%

Score Distribution

Percentile by Number Answered

Percent of People with Each Score

Your Score History

You have not taken this quiz since the last reset